00193 a2200085 450000500170000002000180001710000140003524500400004926000180008920260127144734.0 a9780143467632 a Joshi Y. aWho Dares Wins A Soldier’s Memoir bPenguinc2024